Описание структур и параметров кинематических цепей манипуляторов, ориентированное на автоматизированное решение прямых и обратных задач кинематики; Динамические станочные системы гибкого автоматизированного производства:

Bibliografiske detaljer
Parent link:Динамические станочные системы гибкого автоматизированного производства:.— 1988.— С. 67-68
Hovedforfatter: Малышенко А. М. Александр Максимович
Summary:В фонде НТБ ТПУ отсутствует
Sprog:russisk
Udgivet: 1988
Fag:
Format: MixedMaterials Book Chapter
KOHA link:https://koha.lib.tpu.ru/cgi-bin/koha/opac-detail.pl?biblionumber=601164

MARC

LEADER 00000naa0a2200000 4500
001 601164
005 20250212091851.0
035 |a (RuTPU)RU\TPU\tpu\25871 
090 |a 601164 
100 |a 20141015d1988 k y0rusy50 ca 
101 0 |a rus 
102 |a RU 
200 1 |a Описание структур и параметров кинематических цепей манипуляторов, ориентированное на автоматизированное решение прямых и обратных задач кинематики   |f А. М. Малышенко 
333 |a В фонде НТБ ТПУ отсутствует 
463 |t Динамические станочные системы гибкого автоматизированного производства:  |o тезисы докладов III Всесоюзной научно-технической конференции, 24-26 мая 1988   |v С. 67-68  |n [Б. и.]  |d 1988 
610 1 |a труды учёных ТПУ 
700 1 |a Малышенко  |b А. М.  |c специалист в области информатики и вычислительной техники  |c профессор Томского политехнического университета, доктор технических наук  |c член-корреспондент Академии электротехнических наук РФ  |c действительный член Международной академии наук высшей школы  |f 1937-  |g Александр Максимович  |3 (RuTPU)RU\TPU\pers\21983  |9 9294 
801 1 |a RU  |b 63413507  |c 20141015 
801 2 |a RU  |b 63413507  |c 20141015  |g RCR 
942 |c BK